[Event "Titled Tue 20th May Late"]
[Site "chess.com INT"]
[Date "2025.05.20"]
[Round "5"]
[White "Cori Quispe, Kevin Joel"]
[Black "Di Benedetto, Guillermo"]
[Result "1-0"]
[WhiteTitle "GM"]
[BlackTitle "FM"]
[WhiteElo "2464"]
[BlackElo "2289"]
[WhiteFideId "3814017"]
[BlackFideId "111120"]
[EventDate "2025.05.20"]

1. d4 f5 2. Qd3 d5 3. g4 fxg4 4. h3 g3 5. fxg3 Nf6 6. Nc3 g6 7. g4 Bg7 8. Bg5
O-O 9. O-O-O c6 10. Bg2 Nbd7 11. Nf3 b5 12. Ne5 Qb6 13. e4 e6 14. Nxd7 Bxd7 15.
e5 Ne8 16. h4 c5 17. Nxd5 exd5 18. Bxd5+ Kh8 19. h5 Be6 20. Bxa8 Bc4 21. Qh3 h6
22. hxg6 Qxg6 23. Bxh6 cxd4 24. Rxd4 Rf1+ 25. Rxf1 Qxh6+ 26. Qxh6+ Bxh6+ 27. Kd1
Bxf1 28. Rd8 Bc4 29. Rxe8+ Kg7 30. Be4 Kf7 31. Ra8 Be3 32. b3 Be6 33. Bf5 Bd5
34. Rd8 Bf3+ 35. Ke1 Ke7 36. Rd7+ Ke8 37. e6 Bc5 38. Bg6+ Kf8 39. Rf7+ 1-0

[Event "Titled Tue 20th May Late"]
[Site "chess.com INT"]
[Date "2025.05.20"]
[Round "5"]
[White "Arakhamia-Grant, Ketevan"]
[Black "Montano Vicente, Guadalupe"]
[Result "0-1"]
[WhiteTitle "GM"]
[WhiteElo "2262"]
[BlackElo "1940"]
[WhiteFideId "13600168"]
[BlackFideId "5181399"]
[EventDate "2025.05.20"]

1. e4 c5 2. Nf3 d6 3. Bb5+ Nd7 4. O-O Nf6 5. Re1 e5 6. c3 Be7 7. d4 O-O 8. d5 a6
9. Ba4 b5 10. Bc2 Kh8 11. a4 Rb8 12. Nbd2 Ne8 13. Nf1 g6 14. Ng3 Ng7 15. b3 Nf6
16. h3 Ng8 17. axb5 axb5 18. Ra7 f5 19. exf5 gxf5 20. c4 bxc4 21. bxc4 Bf6 22.
Bd2 Qb6 23. Rxg7 Bxg7 24. Ng5 e4 25. Nh5 Bd4 26. Nf4 Be5 0-1

[Event "Titled Tue 20th May Late"]
[Site "chess.com INT"]
[Date "2025.05.20"]
[Round "5"]
[White "Boci, Mateu"]
[Black "Aliyev, Elnur"]
[Result "0-1"]
[WhiteTitle "FM"]
[BlackTitle "CM"]
[WhiteElo "2268"]
[BlackElo "2155"]
[WhiteFideId "4704665"]
[BlackFideId "13402617"]
[EventDate "2025.05.20"]

1. e4 c5 2. Nf3 g6 3. d4 cxd4 4. Nxd4 Bg7 5. c4 Nc6 6. Be3 Nf6 7. Nc3 O-O 8. f3
b6 9. Be2 Bb7 10. O-O e6 11. Nxc6 Bxc6 12. e5 Ne8 13. f4 d6 14. exd6 Nxd6 15.
Qc2 Nf5 16. Bf2 Nd4 17. Bxd4 Qxd4+ 18. Kh1 Rad8 19. Rad1 Qe3 20. Bf3 Bxf3 21.
Rxf3 Qc5 22. b3 Qf5 23. Qxf5 gxf5 24. Rfd3 Rxd3 25. Rxd3 Bxc3 26. Rxc3 Rd8 27.
h3 Rd2 28. a4 Rf2 29. b4 Rxf4 30. c5 bxc5 31. bxc5 Rb4 32. c6 Rb8 33. Kg1 Kf8
34. Kf2 Ke7 35. Ke3 Kd6 36. Kf4 f6 37. g4 fxg4 38. Kxg4 Rc8 39. Kh5 Rxc6 40.
Rd3+ Ke5 41. Kh6 Rc7 42. a5 f5 43. a6 Ke4 44. Rb3 e5 45. Rb7 Rc6+ 46. Kxh7 Rxa6
47. h4 f4 48. Rf7 f3 49. h5 Ke3 50. Kg7 f2 51. h6 Rxh6 52. Kxh6 Ke2 53. Re7 f1=Q
54. Rxe5+ Kd3 55. Ra5 Qf6+ 56. Kh5 Qb6 57. Rd5+ Ke4 58. Rg5 a5 59. Rg4+ Kf3 60.
Rg5 a4 61. Rf5+ Ke4 62. Rf6 Qxf6 0-1

[Event "Titled Tue 20th May Late"]
[Site "chess.com INT"]
[Date "2025.05.20"]
[Round "5"]
[White "Naroditsky, Daniel"]
[Black "Deac, Bogdan-Daniel"]
[Result "1-0"]
[WhiteTitle "GM"]
[BlackTitle "GM"]
[WhiteElo "2619"]
[BlackElo "2668"]
[WhiteFideId "2026961"]
[BlackFideId "1226380"]
[EventDate "2025.05.20"]

1. e4 e5 2. Nf3 Nf6 3. Nc3 Nc6 4. Nd5 d6 5. d4 Be7 6. Nxe7 Qxe7 7. d5 Nb8 8. Bd3
Nbd7 9. Be3 a5 10. c3 Nc5 11. Bc2 O-O 12. Nd2 Ng4 13. Bxc5 dxc5 14. h3 Nf6 15.
Nc4 Ne8 16. Ne3 Nd6 17. g4 b5 18. a4 b4 19. cxb4 axb4 20. Bd3 Bd7 21. a5 c6 22.
a6 cxd5 23. Nxd5 Qd8 24. Qc2 c4 25. Bxc4 Rc8 26. b3 Nxc4 27. bxc4 Bb5 28. c5 Ra8
29. a7 Qd7 30. c6 Rxa7 31. cxd7 Rxa1+ 32. Kd2 Rxh1 33. Ne7+ Kh8 34. Qc8 1-0

[Event "Titled Tue 20th May Late"]
[Site "chess.com INT"]
[Date "2025.05.20"]
[Round "5"]
[White "Azamikia, Mehran"]
[Black "Garcia Correa, Jose Ricardo"]
[Result "1-0"]
[WhiteTitle "CM"]
[BlackTitle "FM"]
[WhiteElo "2130"]
[BlackElo "2103"]
[WhiteFideId "12502502"]
[BlackFideId "5101832"]
[EventDate "2025.05.20"]

1. d4 Nf6 2. Nf3 e6 3. g3 d5 4. Bg2 Nbd7 5. O-O c6 6. c4 dxc4 7. a4 b5 8. Qc2
Bb7 9. Rd1 a6 10. b3 cxb3 11. Qxb3 Be7 12. Nc3 O-O 13. Bf4 Nb6 14. Ne5 Nfd5 15.
a5 Nxf4 16. gxf4 Nd5 17. Ne4 Nxf4 18. Nc5 Bxc5 19. dxc5 Qg5 20. Qf3 Qxe5 21. Bf1
Rad8 22. e3 Ng6 23. Rac1 Rd5 24. Rxd5 exd5 25. Rd1 Bc8 26. Rd4 Bf5 27. h4 Be4
28. Qh3 Qh5 29. Bg2 f5 30. f3 Bc2 31. Kf2 f4 32. Qe6+ Kh8 33. e4 Qxh4+ 34. Ke2
Qg3 35. Bf1 dxe4 36. Kd2 Qxf3 37. Kxc2 Qxf1 38. Rd7 Qc4+ 39. Qxc4 bxc4 40. Kd2
e3+ 41. Ke2 c3 42. Rd1 1-0

[Event "Titled Tue 20th May Late"]
[Site "chess.com INT"]
[Date "2025.05.20"]
[Round "5"]
[White "Rossi, Maximiliano"]
[Black "Khodabandeh, Milad"]
[Result "1-0"]
[BlackTitle "CM"]
[WhiteElo "2013"]
[BlackElo "1957"]
[WhiteFideId "113425"]
[BlackFideId "12538620"]
[EventDate "2025.05.20"]

1. e4 e5 2. Nf3 Nc6 3. Bb5 a6 4. Bxc6 dxc6 5. Nc3 f6 6. d3 c5 7. Ng1 Bd6 8. Nge2
Ne7 9. O-O O-O 10. f4 Nc6 11. f5 b5 12. Ng3 Nd4 13. Nce2 Be7 14. c3 Nxe2+ 15.
Qxe2 Bb7 16. Be3 Qd7 17. Rad1 Rfd8 18. Nh5 Kh8 19. Qg4 Bf8 20. Rf3 c4 21. Rh3
cxd3 22. Qh4 Qf7 23. Nf4 h6 24. Ne6 Rd7 25. Bc5 g5 26. fxg6 Qxe6 27. Bxf8 Kg8
28. Qxh6 1-0

[Event "Titled Tue 20th May Late"]
[Site "chess.com INT"]
[Date "2025.05.20"]
[Round "5"]
[White "Winkels, Marcel"]
[Black "Andrade, Ivan"]
[Result "0-1"]
[WhiteTitle "CM"]
[BlackTitle "FM"]
[WhiteElo "1918"]
[BlackElo "2161"]
[WhiteFideId "1003887"]
[BlackFideId "14800039"]
[EventDate "2025.05.20"]

1. e4 c5 2. Nf3 d6 3. d4 cxd4 4. Nxd4 Nf6 5. Nc3 a6 6. Qf3 e6 7. Be3 Be7 8.
O-O-O Qc7 9. Be2 O-O 10. Qg3 Re8 11. h4 b5 12. h5 Kh8 13. a3 Bb7 14. Bf3 Nbd7
15. Qh2 Ne5 16. Be2 Nxe4 17. Nxe4 Bxe4 18. Rd2 Nc4 19. Bxc4 Qxc4 20. Kb1 Bd5 21.
Nb3 Rac8 22. f3 b4 23. a4 Qc6 24. a5 Qa4 25. Bd4 e5 26. Bb6 Bxb3 27. cxb3 Qxb3
28. h6 g6 29. Qg3 Qa4 0-1

[Event "Titled Tue 20th May Late"]
[Site "chess.com INT"]
[Date "2025.05.20"]
[Round "5"]
[White "Horak, Martin"]
[Black "Anhwere, Bernard"]
[Result "1-0"]
[WhiteTitle "FM"]
[BlackTitle "CM"]
[WhiteElo "2324"]
[BlackElo "1906"]
[WhiteFideId "367095"]
[BlackFideId "12600580"]
[EventDate "2025.05.20"]

1. e4 c5 2. Nc3 d6 3. f4 g6 4. Nf3 Bg7 5. Bc4 Nf6 6. O-O O-O 7. d3 Nc6 8. f5
gxf5 9. Qe1 fxe4 10. dxe4 Ne5 11. Nxe5 dxe5 12. Kh1 Be6 13. Bxe6 fxe6 14. Be3 b6
15. Qg3 Nh5 16. Qg4 Nf4 17. g3 Ng6 18. Qxe6+ Kh8 19. Nd5 Qd6 20. Qxd6 exd6 21.
Rad1 Rxf1+ 22. Rxf1 Rf8 23. Rd1 Rf3 24. Kg2 Rf7 25. a4 Nf8 26. Nc3 Rf6 27. Nb5
Ne6 28. c3 Bf8 29. Nxa7 Kg7 30. Nc8 Kg8 31. Nxb6 Rf7 32. Nc4 Rb7 33. a5 Ra7 34.
b4 Nd8 35. b5 Nb7 36. a6 Nd8 37. Nxd6 1-0

[Event "Titled Tue 20th May Late"]
[Site "chess.com INT"]
[Date "2025.05.20"]
[Round "5"]
[White "Plat, Vojtech"]
[Black "Klukin, Kirill"]
[Result "0-1"]
[WhiteTitle "GM"]
[BlackTitle "IM"]
[WhiteElo "2482"]
[BlackElo "2407"]
[WhiteFideId "325740"]
[BlackFideId "24199273"]
[EventDate "2025.05.20"]

1. e4 e6 2. d4 d5 3. Nd2 c5 4. exd5 Qxd5 5. Ngf3 Nf6 6. Bc4 Qd8 7. O-O cxd4 8.
Nb3 Nc6 9. Nbxd4 Nxd4 10. Nxd4 Be7 11. c3 O-O 12. Qe2 Qc7 13. Bd3 Bd7 14. Bg5
Rfd8 15. Rad1 Be8 16. Rfe1 Rd5 17. Bh4 Rad8 18. Bg3 Bd6 19. Bc4 Bxg3 20. hxg3
R5d6 21. Bb5 a6 22. Bxe8 Rxe8 23. Rd2 Red8 24. Red1 h6 25. Nf3 b5 26. Qe5 Rxd2
27. Rxd2 Rxd2 28. Qxc7 Rd1+ 29. Kh2 Ng4+ 30. Kh3 f5 31. Qd8+ Rxd8 0-1

[Event "Titled Tue 20th May Late"]
[Site "chess.com INT"]
[Date "2025.05.20"]
[Round "5"]
[White "Galchenko, Matvey"]
[Black "Kushko, Dmitriy"]
[Result "1-0"]
[WhiteTitle "IM"]
[BlackTitle "IM"]
[WhiteElo "2442"]
[BlackElo "2454"]
[WhiteFideId "24175480"]
[BlackFideId "14162261"]
[EventDate "2025.05.20"]

1. f4 g6 2. Nf3 Bg7 3. g3 b6 4. Bg2 Bb7 5. O-O d5 6. d3 Nf6 7. Nc3 O-O 8. e4
dxe4 9. Ng5 Na6 10. dxe4 Qxd1 11. Rxd1 Rfd8 12. Re1 Nb4 13. Re2 e5 14. a3 Nc6
15. Be3 Ng4 16. Kh1 Nxe3 17. Rxe3 Nd4 18. Rc1 Bh6 19. Nh3 Bc8 20. Rd3 Bxh3 21.
Bxh3 exf4 22. Rcd1 c5 23. Nd5 fxg3 24. c3 Nc6 25. Ne7+ Nxe7 26. Rxd8+ Rxd8 27.
Rxd8+ Kg7 28. hxg3 Bc1 29. Rd7 Kf8 30. b3 Bxa3 31. Rxa7 Bb2 32. c4 Bc3 33. Bd7
h5 34. Rb7 Ba5 35. Rb8+ Kg7 36. Re8 Ng8 37. e5 Nh6 38. Kg2 Ng4 39. Bxg4 hxg4 40.
Kf2 Bc3 41. Ke3 Ba5 42. Kf4 Kh6 43. Kxg4 Kg7 44. Kf4 Bd2+ 45. Ke4 Ba5 46. Re7
Kf8 47. Rb7 1-0

[Event "Titled Tue 20th May Late"]
[Site "chess.com INT"]
[Date "2025.05.20"]
[Round "5"]
[White "Herrera Ortiz, Miguel"]
[Black "Wu, Derek"]
[Result "1-0"]
[WhiteTitle "IM"]
[BlackTitle "FM"]
[WhiteElo "2174"]
[BlackElo "2232"]
[WhiteFideId "5100550"]
[BlackFideId "30914558"]
[EventDate "2025.05.20"]

1. e4 e5 2. Nf3 Nc6 3. Bb5 Nf6 4. O-O Nxe4 5. Re1 Nd6 6. Nxe5 Be7 7. Bf1 Nxe5 8.
Rxe5 O-O 9. d4 Bf6 10. Re1 Re8 11. Rxe8+ Nxe8 12. c3 d5 13. Bf4 c6 14. Nd2 g6
15. Nf3 Bf5 16. Ne5 Ng7 17. h3 Bg5 18. Qd2 Bxf4 19. Qxf4 Ne6 20. Qd2 Qg5 21.
Qxg5 Nxg5 22. f4 Ne4 23. g4 Be6 24. Bd3 Nd6 25. Re1 Re8 26. Kf2 f6 27. Nf3 Kf7
28. Kg3 Bd7 29. Rxe8 Bxe8 30. g5 Bd7 31. Nd2 Bf5 32. Be2 Ke6 33. h4 a5 34. a3 b6
35. Bf3 Bd3 36. Bg4+ Ke7 37. Kf3 Bf5 38. Kg3 Bxg4 39. Kxg4 Ke6 40. h5 Nf5 41.
hxg6 hxg6 42. Nf1 Ne3+ 43. Nxe3 1-0

[Event "Titled Tue 20th May Late"]
[Site "chess.com INT"]
[Date "2025.05.20"]
[Round "5"]
[White "Jedryczka, Krystian"]
[Black "Yin, Evan"]
[Result "0-1"]
[WhiteElo "2084"]
[BlackElo "2119"]
[WhiteFideId "1109472"]
[BlackFideId "30953111"]
[EventDate "2025.05.20"]

1. e4 c5 2. Nf3 Nc6 3. Nc3 g6 4. Bb5 Bg7 5. O-O Nf6 6. Re1 O-O 7. h3 d6 8. a4
Nd4 9. Bf1 a6 10. d3 Qc7 11. Nd5 Nxd5 12. exd5 e5 13. dxe6 Bxe6 14. Ng5 Bf5 15.
g4 Bd7 16. Bg2 Bc6 17. c3 Bxg2 18. Kxg2 Nc6 19. Bf4 Rfe8 20. Qd2 Qd7 21. Ne4 Re6
22. Bh6 Rae8 23. Bxg7 Kxg7 24. Rh1 Qe7 25. h4 d5 26. Ng3 Ne5 27. g5 h5 28. gxh6+
Kh7 29. h5 g5 30. Nf5 Qf6 31. Ng7 Qf3+ 32. Kg1 Qg4+ 33. Kf1 Nf3 34. Qd1 Re1+ 35.
Qxe1 Rxe1+ 36. Rxe1 Nd2# 0-1

[Event "Titled Tue 20th May Late"]
[Site "chess.com INT"]
[Date "2025.05.20"]
[Round "5"]
[White "Pavlidou, Ekaterini"]
[Black "McDonald, Jhustice-Dimonte"]
[Result "1-0"]
[WhiteTitle "WIM"]
[BlackTitle "CM"]
[WhiteElo "2198"]
[BlackElo "2032"]
[WhiteFideId "4213262"]
[BlackFideId "7402481"]
[EventDate "2025.05.20"]

1. d4 d5 2. c4 c6 3. e3 Nf6 4. Nf3 e6 5. Nbd2 Nbd7 6. b3 Bd6 7. Bb2 Ne4 8. Bd3
f5 9. Ne5 Nxe5 10. dxe5 Bb4 11. Bxe4 dxe4 12. a3 Bxd2+ 13. Qxd2 O-O 14. Qc3 Bd7
15. O-O-O Qe7 16. Rd6 Rfd8 17. Rhd1 Be8 18. c5 b6 19. b4 a5 20. cxb6 axb4 21.
axb4 Bh5 22. R1d2 Be8 23. Qc5 Rdb8 24. Qd4 Ra6 25. Rd8 Rbxb6 26. Qd7 Qxd7 27.
R2xd7 Kf8 28. Rc7 Rxb4 29. Rcc8 Ra2 30. Rxe8+ Kf7 31. Rf8+ Kg6 32. Bd4 Rc4+ 33.
Kb1 Rcc2 34. Rfe8 c5 35. Rxc5 Rxf2 36. Rxe6+ Kf7 37. Rec6 Rae2 38. e6+ Ke7 39.
Rc2 Rxg2 40. Rxe2 Rxe2 41. Bc5+ Kf6 42. e7+ Kf7 43. Rc8 1-0

[Event "Titled Tue 20th May Late"]
[Site "chess.com INT"]
[Date "2025.05.20"]
[Round "5"]
[White "Sampaoli, Cristian"]
[Black "Tologon tegin, Semetei"]
[Result "0-1"]
[WhiteTitle "CM"]
[BlackTitle "IM"]
[WhiteElo "2211"]
[BlackElo "2313"]
[WhiteFideId "115800"]
[BlackFideId "13800574"]
[EventDate "2025.05.20"]

1. d4 g6 2. c4 Bg7 3. Nc3 e6 4. e4 Ne7 5. Be2 d5 6. cxd5 exd5 7. e5 c5 8. Nf3
Nbc6 9. Be3 cxd4 10. Bxd4 Nxd4 11. Qxd4 O-O 12. O-O Be6 13. Rad1 Nc6 14. Qf4 Qa5
15. Rfe1 Rad8 16. Bb5 a6 17. Bxc6 bxc6 18. Ng5 c5 19. Qh4 h6 20. Nxe6 fxe6 21.
Qg4 Kh7 22. Qxe6 Rfe8 23. Qf7 Rf8 24. Qb7 d4 25. Ne4 Rb8 26. Qe7 Rxb2 27. Nf6+
Kh8 28. h3 Qxa2 29. Rf1 Rc2 30. Qd6 Qf7 31. Ne4 Qf5 32. Nxc5 Bxe5 33. Qd7 Rxc5
34. Qa4 Qf4 35. g3 Qf5 36. Kg2 Rc2 37. Qxa6 Rxf2+ 38. Rxf2 Qxf2+ 39. Kh1 Qf3+
40. Kh2 Bxg3+ 41. Kg1 Qf2+ 42. Kh1 Qh2# 0-1

[Event "Titled Tue 20th May Late"]
[Site "chess.com INT"]
[Date "2025.05.20"]
[Round "5"]
[White "Danzer, George"]
[Black "Garcia, Jhoel"]
[Result "1-0"]
[WhiteTitle "CM"]
[BlackTitle "IM"]
[WhiteElo "2172"]
[BlackElo "2304"]
[WhiteFideId "4659465"]
[BlackFideId "3801110"]
[EventDate "2025.05.20"]

1. e4 e6 2. d4 d5 3. Nc3 Nf6 4. e5 Nfd7 5. Nce2 c5 6. c3 Nc6 7. Nf3 a6 8. a3 b5
9. h4 Qb6 10. h5 f6 11. Nf4 fxe5 12. Nxe6 Nf6 13. Nxf8 e4 14. Nxh7 Nxh7 15. Ne5
Nxe5 16. dxe5 Be6 17. Be3 O-O-O 18. b4 d4 19. bxc5 Qxc5 20. cxd4 Qc3+ 21. Bd2
Qxd4 22. Qc2+ Kb7 23. Rc1 Rc8 24. Qb1 Rxc1+ 25. Bxc1 Rc8 26. Bd2 Bc4 27. Bxc4
Qxc4 28. Rh4 e3 29. Rxc4 exd2+ 30. Kxd2 Rxc4 31. Qxh7 1-0

[Event "Titled Tue 20th May Late"]
[Site "chess.com INT"]
[Date "2025.05.20"]
[Round "5"]
[White "Aung Thant Zin"]
[Black "Medina Paz, Miguel"]
[Result "0-1"]
[WhiteTitle "FM"]
[BlackTitle "IM"]
[WhiteElo "2268"]
[BlackElo "2368"]
[WhiteFideId "13000063"]
[BlackFideId "7300379"]
[EventDate "2025.05.20"]

1. e4 c5 2. Nf3 Nc6 3. Bb5 g6 4. O-O Bg7 5. c3 Nf6 6. Re1 O-O 7. d4 cxd4 8. cxd4
d5 9. e5 Ne4 10. Nbd2 Bg4 11. Bxc6 bxc6 12. Nxe4 dxe4 13. Rxe4 Qd7 14. Bf4 Rfd8
15. h3 Bf5 16. Re1 h5 17. Qa4 e6 18. Rac1 Rdc8 19. Rc3 Rab8 20. b4 Bf8 21. a3
Rb5 22. Rec1 Be4 23. Ng5 Bd5 24. Qxb5 cxb5 25. Rxc8 Bc4 26. Rc5 Bxc5 27. dxc5
Bd5 28. Rd1 Qc6 29. f3 h4 30. Rd4 Qa6 0-1

[Event "Titled Tue 20th May Late"]
[Site "chess.com INT"]
[Date "2025.05.20"]
[Round "5"]
[White "Wiebe, Isaac"]
[Black "Serban, Cristian-Stefan"]
[Result "0-1"]
[BlackTitle "FM"]
[WhiteElo "2085"]
[BlackElo "2332"]
[WhiteFideId "2623862"]
[BlackFideId "1241443"]
[EventDate "2025.05.20"]

1. d4 d5 2. c4 e6 3. Nc3 c6 4. Nf3 dxc4 5. a4 Bb4 6. e4 b5 7. axb5 cxb5 8. Bd2
Bxc3 9. Bxc3 Nf6 10. Ba5 Qe7 11. e5 Nd5 12. b3 Nc6 13. Qd2 c3 14. Bxc3 b4 15.
Bb2 O-O 16. Bd3 a5 17. O-O Ba6 18. Bc4 Rfd8 19. Rfc1 Nc7 20. Qe2 Bb7 21. h4 h6
22. Bd3 Nb8 23. Rc5 Bd5 24. Rcxa5 Rxa5 25. Rxa5 Bxb3 26. Qe4 g6 27. h5 Bd5 28.
Qf4 g5 29. Qd2 Bxf3 30. gxf3 Nd5 31. Be4 Nf4 32. Rc5 Qxc5 0-1

[Event "Titled Tue 20th May Late"]
[Site "chess.com INT"]
[Date "2025.05.20"]
[Round "5"]
[White "Dauer, Andre Leonardo"]
[Black "Yevchenko, Oleksandr"]
[Result "0-1"]
[WhiteTitle "CM"]
[BlackTitle "CM"]
[WhiteElo "2138"]
[BlackElo "2276"]
[WhiteFideId "2126915"]
[BlackFideId "14108267"]
[EventDate "2025.05.20"]

1. e4 c5 2. Nf3 d6 3. d3 Nf6 4. g3 g6 5. Bg2 Bg7 6. O-O Nc6 7. c3 O-O 8. h4 Bg4
9. Nbd2 Qd7 10. Re1 Rab8 11. Nf1 Ne5 12. N1h2 Bh3 13. Bh1 b5 14. Ng5 b4 15. Nxh3
Qxh3 16. Bg2 Qd7 17. c4 Nc6 18. Be3 a5 19. Qd2 Rfe8 20. Qe2 a4 21. Rab1 a3 22.
Qf1 axb2 23. Rxb2 Nxe4 24. Rb3 Nc3 25. a3 Nd4 26. Bxd4 Bxd4 27. axb4 Rxb4 28.
Rxb4 cxb4 29. Nf3 Bg7 30. Nd2 e6 31. Ra1 Rb8 32. Ra8 Rxa8 33. Bxa8 Qa7 34. Bf3
Qa2 35. Qe1 Qc2 36. Ne4 Qxd3 37. Nxc3 bxc3 38. Qe2 Qxe2 39. Bxe2 c2 0-1

[Event "Titled Tue 20th May Late"]
[Site "chess.com INT"]
[Date "2025.05.20"]
[Round "5"]
[White "Gurevich, Dmitry"]
[Black "Van Dael, Siem"]
[Result "1-0"]
[WhiteTitle "GM"]
[BlackTitle "FM"]
[WhiteElo "2347"]
[BlackElo "2258"]
[WhiteFideId "2000407"]
[BlackFideId "1049771"]
[EventDate "2025.05.20"]

1. d4 d5 2. c4 c6 3. e3 Nf6 4. Nc3 e6 5. Nf3 a6 6. a4 c5 7. cxd5 exd5 8. Be2 Nc6
9. O-O cxd4 10. Nxd4 Bd6 11. Bf3 O-O 12. g3 Bc7 13. Nxc6 bxc6 14. b3 Bh3 15. Re1
Re8 16. Bb2 Rb8 17. Rc1 Qe7 18. Ne2 Qd7 19. Bxf6 gxf6 20. Qc2 Bf5 21. Qxc6 Qxc6
22. Rxc6 Ba5 23. Rd1 Rxb3 24. Rxf6 Bd3 25. Bxd5 Bxe2 26. Bxb3 Bxd1 27. Bxd1 Re6
28. Rxe6 fxe6 29. Be2 Bd2 30. Bxa6 Kf7 31. Bc4 Kf6 32. Kf1 e5 33. Ke2 Ba5 34.
Bd3 h6 35. Be4 Ke7 36. Kf3 Kf6 37. Kg4 Be1 38. Kf3 Ba5 39. Ke2 Kg5 40. f3 Bb6
41. Bd5 Kf6 42. Kd3 Ba7 43. h3 Kg5 44. Ke4 Kf6 45. f4 exf4 46. gxf4 Bb6 47. Kf3
Ba7 48. e4 Bb6 49. e5+ Kf5 50. Bb7 Ke6 51. Bc8+ Ke7 52. Ke4 Bc7 53. f5 Kd8 54.
Ba6 Ke7 55. Bc4 Bb8 56. f6+ Kf8 57. e6 Bd6 58. Kf5 Bb4 59. h4 Ke8 60. h5 Kf8 61.
Kg6 Bd2 62. e7+ Ke8 63. Bb5# 1-0

[Event "Titled Tue 20th May Late"]
[Site "chess.com INT"]
[Date "2025.05.20"]
[Round "5"]
[White "Zlatin, Alexander"]
[Black "Yurtseven, Melih"]
[Result "0-1"]
[WhiteTitle "FM"]
[BlackTitle "IM"]
[WhiteElo "2306"]
[BlackElo "2339"]
[WhiteFideId "2810549"]
[BlackFideId "6312160"]
[EventDate "2025.05.20"]

1. e4 c5 2. b4 b6 3. bxc5 bxc5 4. Nc3 Nc6 5. Bc4 e6 6. d3 d6 7. Nf3 g6 8. O-O
Bg7 9. Bb2 Rb8 10. Bb3 Nge7 11. Qc1 O-O 12. Ne2 e5 13. h3 h6 14. Nc3 Nd4 15.
Nxd4 cxd4 16. Ne2 a5 17. a4 Kh7 18. f4 f5 19. fxe5 dxe5 20. exf5 Nxf5 21. Qe1
Qg5 22. Bc1 Ne3 23. Bxe3 Qxe3+ 24. Kh2 Rxf1 25. Qxf1 e4 26. dxe4 Bb7 27. Ng3 Rf8
28. Qe2 Be5 29. Qxe3 dxe3 30. Re1 Bf4 31. Bd5 Bc8 32. c4 h5 33. h4 g5 34. e5
gxh4 35. Kg1 Bxg3 36. Rf1 Bf2+ 37. Kh2 e2 38. Be4+ Kh6 39. Rd1 exd1=Q 40. e6
Bg3+ 41. Kh3 Qg4# 0-1

[Event "Titled Tue 20th May Late"]
[Site "chess.com INT"]
[Date "2025.05.20"]
[Round "5"]
[White "Nielsen-Refs, Karl-Emil Elmer"]
[Black "Daspres, Loic"]
[Result "1-0"]
[WhiteTitle "CM"]
[BlackTitle "CM"]
[WhiteElo "2095"]
[BlackElo "2207"]
[WhiteFideId "1452797"]
[BlackFideId "20612281"]
[EventDate "2025.05.20"]

1. d4 Nf6 2. f3 c5 3. d5 e5 4. e4 d6 5. c4 Be7 6. Nc3 Nh5 7. Be3 f5 8. Qd2 f4 9.
Bf2 Bh4 10. Bd3 O-O 11. O-O-O a6 12. g3 fxg3 13. hxg3 Bg5 14. f4 Bg4 15. Be2
Nxf4 16. gxf4 Bxf4 17. Be3 h5 18. Bxg4 hxg4 19. Nge2 g5 20. Rdg1 g3 21. Nxg3 Rf7
22. Bxf4 exf4 23. Nf5 Rh7 24. Rxh7 Kxh7 25. Qh2+ Kg8 26. Qh6 Kf7 27. Rxg5 Qf6
28. Rg7+ 1-0

[Event "Titled Tue 20th May Late"]
[Site "chess.com INT"]
[Date "2025.05.20"]
[Round "5"]
[White "Mishra, Abhimanyu"]
[Black "Lortkipanidze, Nodar"]
[Result "1-0"]
[WhiteTitle "GM"]
[BlackTitle "IM"]
[WhiteElo "2605"]
[BlackElo "2359"]
[WhiteFideId "30920019"]
[BlackFideId "13604058"]
[EventDate "2025.05.20"]

1. d4 e6 2. c4 b6 3. a3 Bb7 4. Nc3 f5 5. d5 Nf6 6. g3 Na6 7. Bg2 Nc5 8. Nf3 Bd6
9. O-O O-O 10. Nd4 Qe8 11. Ndb5 Nce4 12. Nxd6 Nxd6 13. b3 Nde4 14. Bb2 exd5 15.
cxd5 c5 16. dxc6 dxc6 17. b4 Qf7 18. Nxe4 Nxe4 19. Qc2 Rfe8 20. Rfd1 c5 21. bxc5
bxc5 22. f3 Ng5 23. Rd2 Rac8 24. Rad1 Rc7 25. h4 Ne6 26. Bh3 f4 27. Bf5 Nd4 28.
Bxh7+ Kh8 29. Bxd4 cxd4 30. Qg6 fxg3 31. Qxf7 Rxf7 32. Bg6 Rfe7 33. Bxe8 Rxe8
34. Kg2 d3 35. exd3 Re3 36. Rf1 Ba6 37. Kxg3 Kh7 38. Kf2 Re5 39. Re1 Ra5 40. d4
Bc4 41. d5 1-0

[Event "Titled Tue 20th May Late"]
[Site "chess.com INT"]
[Date "2025.05.20"]
[Round "5"]
[White "Ollier, Pablo"]
[Black "Smirnova, Ekaterina"]
[Result "1-0"]
[WhiteTitle "FM"]
[BlackTitle "WIM"]
[WhiteElo "2284"]
[BlackElo "2096"]
[WhiteFideId "652318"]
[BlackFideId "4110943"]
[EventDate "2025.05.20"]

1. d4 d5 2. c4 c6 3. Nc3 Nf6 4. e3 e6 5. Nf3 a6 6. b3 Bb4 7. Bd2 O-O 8. Bd3 Nbd7
9. O-O Bd6 10. e4 dxc4 11. bxc4 e5 12. c5 Bc7 13. Na4 exd4 14. h3 Re8 15. Re1 b5
16. cxb6 Nxb6 17. Nc5 Nbd7 18. Qc2 Nxc5 19. Qxc5 Bb6 20. Qxc6 Bd7 21. Qd6 Bb5
22. Qa3 Bc6 23. e5 Nd5 24. Rab1 Nc3 25. Bxc3 dxc3 26. Qxc3 Bxf3 27. gxf3 Bd4 28.
Qc2 Qg5+ 29. Kf1 Bxe5 30. Bxh7+ Kh8 31. Be4 Qh5 32. Bxa8 Rxa8 33. Qe4 Re8 34.
Qg4 Qh7 35. Rbd1 Qc2 36. Kg2 g6 37. f4 Qc6+ 38. Qf3 1-0

[Event "Titled Tue 20th May Late"]
[Site "chess.com INT"]
[Date "2025.05.20"]
[Round "5"]
[White "Nalbandyan, Vahan"]
[Black "Ruiz Aguilar, Pablo Alexander"]
[Result "1-0"]
[WhiteTitle "CM"]
[BlackTitle "FM"]
[WhiteElo "2155"]
[BlackElo "2141"]
[WhiteFideId "13309439"]
[BlackFideId "4401352"]
[EventDate "2025.05.20"]

1. e4 c5 2. Nf3 e6 3. g3 Nc6 4. Bg2 a6 5. Qe2 g6 6. d3 Bg7 7. Nbd2 Nge7 8. c3
O-O 9. O-O d5 10. e5 b5 11. Re1 Bb7 12. Nf1 Nf5 13. h4 h5 14. Bg5 Qb6 15. N1h2
b4 16. g4 hxg4 17. Nxg4 a5 18. Nf6+ Bxf6 19. Bxf6 a4 20. a3 Ba6 21. Qd2 bxc3 22.
bxc3 Rfb8 23. Bh3 Qb2 24. Qg5 Kf8 25. Bxf5 exf5 26. e6 Bxd3 27. Qh6+ Ke8 28.
exf7+ Kd7 29. f8=Q 1-0